Manual de lactancia materna (Registro nro. 310888)

Detalles MARC
000 -ENCABEZADO
Número de control [NR] 01041 a2200265 4500
005 - FECHA Y HORA DE LA ÚLTIMA TRANSACCIÓN
control field 20211105120902.0
008 - DE LONGITUD FIJA DE DATOS DE ELEMENTOS - INFORMACIÓN GENERAL
Elementos de longitud fija [NR] 181108s2009 ck ||||| |||| 00| 0 spa d
020 ## - NUMERO INTERNACIONAL NORMALIZADO PARA LIBROS [R]
Número Internacional Normalizado del libro [NR] 9788479039721
040 ## - FUENTE DE CATALOGACION [NR]
Agencia de catalogación original [NR] CO-BoUCM
Idioma de catalogación [NR] spa
Quien Cataloga Saul Niño
Quien Clasifica Saul Niño
041 0# - CODIGO DE IDIOMA [R]
Código de idioma para texto/pista de sonido o título separado [R] Español
245 00 - MENCION DE TITULO [NR]
Título [NR] Manual de lactancia materna
Parte restante del título [NR] de la teoría a la práctica
Mención de responsabilidad, etc. [NR] Comité editorial, Josefa Aguayo Maldonado ... [y otros.]
260 ## - PUBLICACION, DISTRIBUCION, ETC. (PIE DE IMPRENTA) [R]
Lugar de publicación, distribución, etc. [R] Bogotá (Colombia)
-- Buenos Aires (Argentina)
Nombre del editor, distribuidor, etc. [R] Medica Panamericana
Fecha de publicación, distribución, etc. [R] 2009
300 ## - DESCRIPCION FISICA [R]
Extensión [R] xx, 474 páginas
500 ## - NOTA GENERAL [R]
Nota general [NR] [Subtítulo tomado de cubierta de libro]
650 17 - ASIENTO SECUNDARIO DE MATERIA - TERMINO TEMATICO [R]
9 (RLIN) 18256
Término temático o nombre geográfico como elemento de entrada [NR] Lactancia materna
650 #7 - ASIENTO SECUNDARIO DE MATERIA - TERMINO TEMATICO [R]
9 (RLIN) 18256
Término temático o nombre geográfico como elemento de entrada [NR] Lactancia materna
Subdivisión general [R] Práctica profesional
650 27 - ASIENTO SECUNDARIO DE MATERIA - TERMINO TEMATICO [R]
9 (RLIN) 20622
Término temático o nombre geográfico como elemento de entrada [NR] Nutrición infantil
650 #7 - ASIENTO SECUNDARIO DE MATERIA - TERMINO TEMATICO [R]
9 (RLIN) 18257
Término temático o nombre geográfico como elemento de entrada [NR] Lactantes
650 #7 - ASIENTO SECUNDARIO DE MATERIA - TERMINO TEMATICO [R]
9 (RLIN) 17493
Término temático o nombre geográfico como elemento de entrada [NR] Infantes
Subdivisión general [R] Nutrición
700 10 - ASIENTO SECUNDARIO - NOMBRE PERSONAL [R]
Nombre personal [NR] Aguayo Maldonado, Josefa
Término de relación [R] editor
9 (RLIN) 94363
700 10 - ASIENTO SECUNDARIO - NOMBRE PERSONAL [R]
Nombre personal [NR] Hernández Aguilar, María Teresa
Término de relación [R] editor
9 (RLIN) 94364
700 10 - ASIENTO SECUNDARIO - NOMBRE PERSONAL [R]
Nombre personal [NR] Gómez Papi, Adolfo
Término de relación [R] editor
9 (RLIN) 94365
942 ## - ELEMENTOS DE ENTRADA AGREGADOS (KOHA)
Tipo de ítem principal el descrito en 300a Libro
Sistema de clasificación NLM
Tema principal Medicina
Edición 1
Clasificación WS 125
Parte restante de la signatura top. M294l
Existencias
Fecha de último préstamo Total préstamos Total Renewals Signatura topográfica Código de barras Última vez visto Ejemplar Costo de reposición Price effective from Tipo de ítem Perdido Sistema de clasificación Dañado No prestable Tipo de ítem específico Suprimido Ubicación habitual Ubicación actual Localización Fecha de creación Proveedor Forma de adquisición Costo
07/02/2025 12 9 WS 125 M294l 100158683 01/12/2025 Ej.2 209900.00 06/11/2018 Libro   NLM     Libro   Hospital Universitario Mayor Hospital Universitario Mayor 9no piso 06/11/2018 37 Compra 209900.00
24/07/2024 1   WS 125 M294l 100158682 01/12/2025 Ej.1 209900.00 06/11/2018 Libro de reserva   NLM     Libro de reserva   Hospital Universitario Mayor Hospital Universitario Mayor 9no piso 06/11/2018 37 Compra 209900.00